Science by Picture - B - Statistics

General Stats
  • This quiz has been taken 1,437 times
  • The average score is 10 of 15
Answer Stats
Picture Hint Answer % Correct
grass Bamboo
97%
celestial object Black Hole
95%
type of organism Bacteria
94%
inventor Alexander Graham Bell
81%
measurement tool Barometer
81%
number system Binary
79%
container Beaker
76%
field of study Botany
71%
theory Big Bang
63%
extinct animal Brachiosaurus
57%
tool Bunsen Burner
54%
organism Barnacle
47%
organ Bladder
46%
creator of this model Francis Bacon
8%
crystal Borax
4%
No matching quizzes found
Score Distribution
Percent of People with Each Score
Percentile by Number Answered
Your Score History
You have not taken this quiz